Cities for the 21st century
Αποθηκεύτηκε σε:
| Συγγραφή απο Οργανισμό/Αρχή: | |
|---|---|
| Μορφή: | Πρακτικό Συνεδρίου Βιβλίο |
| Γλώσσα: | English |
| Δημοσίευση: |
Paris :
Organisation for Economic Co-opearation and Development,
1994
|
| Θέματα: | |
| Ετικέτες: |
Προσθήκη ετικέτας
Δεν υπάρχουν, Καταχωρήστε ετικέτα πρώτοι!
|
MARC
| LEADER | 00000cam a2200000 i 4500 | ||
|---|---|---|---|
| 001 | 1/10522 | ||
| 008 | 970604s1994 eng d | ||
| 020 | |a 92-64-14287-8 | ||
| 035 | |l 10017883 | ||
| 040 | |a GR-MY-UA |b gre |e aacr | ||
| 041 | 0 | |a eng | |
| 082 | 0 | |a 307.76 | |
| 245 | 0 | 0 | |a Cities for the 21st century / |c Organisation for Economic Co-operation and Development |
| 260 | |a Paris : |b Organisation for Economic Co-opearation and Development, |c 1994 | ||
| 300 | |a 178 p.; |c 23 cm | ||
| 650 | 0 | 0 | |a Cities and towns |x Congresses. |
| 650 | 0 | 0 | |a Sociology, Urban |x Congresses. |
| 650 | 0 | 0 | |a Urban economics |x Congresses. |
| 650 | 0 | 0 | |a Urban ecology |x Congresses. |
| 650 | 0 | 0 | |a City planning |x Congresses. |
| 711 | 2 | |a OECD International Conference on the Economic, Social and Environmental Problems of Cities |d (1992 : |c Paris, France) | |
| 852 | |a INST |b LESVOS |e 19970604 |h 307.76 CIT |p 005100010489 |q 005100010489 |t BK |y 0 | ||
| 909 | |a Λ |b 038538 | ||